[Event "Managua Bayardo Muniz Memorial 4th"]
[Site "Managua"]
[Date "2022.03.20"]
[Round "8"]
[White "Simplina, Amor"]
[Black "Arevalo Lopez, Josue"]
[Result "1-0"]
[WhiteElo "2058"]
[BlackElo "1987"]
[PlyCount "151"]
[EventDate "2022.03.05"]
[EventType "tourn"]
[EventRounds "9"]
[EventCountry "NCA"]
[SourceTitle "EXT 2023"]
[Source "ChessBase"]
[SourceDate "2022.10.05"]
[SourceVersion "1"]
[SourceVersionDate "2022.10.05"]
[SourceQuality "1"]

1. e4 c5 2. Nf3 d6 3. d4 cxd4 4. Nxd4 Nf6 5. Nc3 a6 6. Be3 e5 7. Nb3 Be7 8. f3 Be6 9. Qd2 d5 10. Nxd5 Nxd5 11. exd5 Qxd5 12. Qxd5 Bxd5 13. 0-0-0 Bxb3 14. axb3 b5 15. Bd3 Nc6 16. Bf5 0-0 17. Rd7 Bf6 18. Be4 Rac8 19. Rd6 Nd4 20. Bxd4 exd4 21. Rxa6 Rfd8 22. Bd3 Ra8 23. Rxa8 Rxa8 24. Kb1 Rb8 25. b4 h5 26. Ka2 h4 27. h3 g6 28. Kb3 Kg7 29. Ra1 Bd8 30. Ra7 Kf6 31. Rd7 Ke6 32. Rxd4 f5 33. Bxb5 Ke5 34. c3 Bb6 35. f4+ Ke6 36. Rc4 Be3 37. Bc6 Kd6 38. Bf3 Rb6 39. Kc2 Bf2 40. Kd3 Kd7 41. Ke2 Bg1 42. b5 Rb8 43. Bc6+ Kd6 44. Ra4 Kc5 45. b3 Rd8 46. Ra7 Bh2 47. Rg7 Bxf4 48. Rxg6 Rd2+ 49. Kf3 Be5 50. Rg5 Rd3+ 51. Ke2 Rxc3 52. Rxf5 Kd4 53. Rf7 Rc2+ 54. Kf3 Bg3 55. Kg4 Kc5 56. Rf3 Be1 57. Rf5+ Kb6 58. Rf4 Rc3 59. b4 Rb3 60. Kh5 Bg3 61. Rxh4 Bxh4 62. Kxh4 Rxb4+ 63. g4 Kc7 64. Kg5 Kd8 65. h4 Ke7 66. h5 Kf8 67. Kf5 Kg7 68. g5 Rb1 69. h6+ Kh7 70. Kf6 Rf1+ 71. Ke7 Re1+ 72. Kd6 Rg1 73. Be4+ Kh8 74. g6 Rg4 75. g7+ Kg8 76. Bd5+ 1-0

[Event "Managua Bayardo Muniz Memorial 4th"]
[Site "Managua"]
[Date "2022.03.06"]
[Round "2"]
[White "Vanegas Lopez, Natanael Emanuel"]
[Black "Arevalo Lopez, Josue"]
[Result "0-1"]
[WhiteElo "1893"]
[BlackElo "1987"]
[PlyCount "100"]
[EventDate "2022.03.05"]
[EventType "tourn"]
[EventRounds "9"]
[EventCountry "NCA"]
[SourceTitle "EXT 2023"]
[Source "ChessBase"]
[SourceDate "2022.10.05"]
[SourceVersion "1"]
[SourceVersionDate "2022.10.05"]
[SourceQuality "1"]

1. d4 Nf6 2. c4 e6 3. Nc3 Bb4 4. Qc2 0-0 5. Nf3 c5 6. dxc5 Qa5 7. Bd2 Na6 8. e4 Qxc5 9. Bd3 d6 10. a3 Bxc3 11. Bxc3 e5 12. b4 Qc7 13. 0-0 Bg4 14. Nh4 Rac8 15. Rac1 Be6 16. Qb2 Nd7 17. Nf5 Nb6 18. c5 Na4 19. Qa1 Bxf5 20. exf5 Nxc3 21. Bxa6 bxa6 22. Rxc3 a5 23. Rd1 Rfd8 24. Rcd3 dxc5 25. Rxd8+ Rxd8 26. Rxd8+ Qxd8 27. bxc5 Kf8 28. h3 Qc7 29. Qd1 h5 30. Qd5 h4 31. c6 Ke7 32. Qc5+ Kf6 33. Kf1 Kxf5 34. Qd5 Kf6 35. Ke2 Ke7 36. Qc5+ Ke6 37. Kd3 Qd6+ 38. Kc4 Qxc5+ 39. Kxc5 a4 40. f3 f6 41. c7 Kd7 42. c8Q+ Kxc8 43. Kd6 Kb7 44. Kc5 Kc7 45. Kd5 Kb6 46. f4 exf4 47. Ke4 Kc5 48. Kxf4 Kc4 49. Kg4 Kb3 50. Kxh4 Kxa3 0-1

[Event "NCA-ch Fase 2"]
[Site "Managua"]
[Date "2022.01.22"]
[Round "1"]
[White "Arevalo Lopez, Josue"]
[Black "Monge Lopez, Jairo Humberto"]
[Result "1-0"]
[WhiteElo "1968"]
[BlackElo "1581"]
[PlyCount "53"]
[EventDate "2022.01.22"]
[EventType "swiss"]
[EventRounds "9"]
[EventCountry "NCA"]
[SourceTitle "CBM 207 Extra"]
[Source "ChessBase"]
[SourceDate "2022.05.31"]
[SourceVersion "1"]
[SourceVersionDate "2022.05.31"]
[SourceQuality "1"]

1. d4 Nf6 2. Bg5 e6 3. e4 Be7 4. e5 Nd5 5. Bd2 c5 6. c3 Nc6 7. Nf3 cxd4 8. cxd4 Qb6 9. Bc3 Nxc3 10. bxc3 Qb2 11. Nbd2 Qxc3 12. Rc1 Qa5 13. Bc4 Bb4 14. Rc2 Bxd2+ 15. Rxd2 b5 16. Bb3 Bb7 17. 0-0 Ne7 18. Rc2 0-0 19. Qd3 Ng6 20. Ng5 h6 21. Nh3 a6 22. f4 Qd8 23. f5 Ne7 24. f6 Ng6 25. Rcf2 d5 26. Bc2 Rc8 27. fxg7 1-0

[Event "NCA-ch sf"]
[Site "Managua"]
[Date "2021.02.28"]
[Round "8"]
[White "Cano, Carlos1111"]
[Black "Arevalo Lopez, Josue"]
[Result "1-0"]
[WhiteElo "1902"]
[BlackElo "2037"]
[PlyCount "105"]
[EventDate "2021.02.13"]
[EventType "swiss"]
[EventRounds "9"]
[EventCountry "NCA"]
[SourceTitle "EXT 2022"]
[Source "ChessBase"]
[SourceDate "2021.10.06"]
[SourceVersion "1"]
[SourceVersionDate "2021.10.06"]
[SourceQuality "1"]

1. d4 d5 2. Nf3 Nf6 3. c4 e6 4. g3 Be7 5. Bg2 0-0 6. 0-0 b6 7. Nc3 Bb7 8. Ne5 c6 9. Qa4 Nfd7 10. Nxd7 Nxd7 11. e4 dxc4 12. Qxc4 b5 13. Qe2 Qc8 14. a3 a5 15. Rd1 Ba6 16. Qf3 Nb6 17. e5 Nd5 18. Ne4 c5 19. Bg5 Bxg5 20. Nxg5 c4 21. Qe4 g6 22. Qh4 h5 23. g4 Nf4 24. gxh5 Nxh5 25. Bf3 f6 26. exf6 Rxf6 27. Bxh5 gxh5 28. Qxh5 Ra7 29. Re1 Rg7 30. Re3 Rfg6 31. f4 Qd8 32. h4 Qxd4 33. Qf3 Bb7 34. Rd1 Qf6 35. Qg4 Kf8 36. Rd6 Bc8 37. Kf2 Ke7 38. Rd2 Bb7 39. Ke1 Rf7 40. Rf2 Bd5 41. f5 Rg8 42. Qf4 Kd7 43. Nxf7 Rg1+ 44. Rf1 Rxf1+ 45. Kxf1 Qxf7 46. fxe6+ Bxe6 47. Qxf7+ Bxf7 48. Re5 Kc6 49. Ke2 Bd5 50. h5 Bg8 51. Kd2 Bf7 52. h6 b4 53. axb4 1-0

[Event "NCA-chT Final"]
[Site "Managua"]
[Date "2020.10.24"]
[Round "1.3"]
[White "Arevalo Lopez, Josue"]
[Black "Salazar Cabezas, Alberto Javier"]
[Result "0-1"]
[WhiteElo "2007"]
[BlackElo "1989"]
[PlyCount "104"]
[EventDate "2020.10.24"]
[EventType "team-tourn"]
[EventRounds "11"]
[EventCountry "NCA"]
[SourceTitle "EXT 2022"]
[Source "ChessBase"]
[SourceDate "2021.10.06"]
[SourceVersion "1"]
[SourceVersionDate "2021.10.06"]
[SourceQuality "1"]

1. d4 Nf6 2. Nf3 g6 3. c4 Bg7 4. Nc3 d5 5. g3 dxc4 6. Bg2 c6 7. Ne5 Be6 8. e4 0-0 9. Be3 Nbd7 10. Nxd7 Qxd7 11. Na4 b6 12. 0-0 Rfd8 13. Qc2 Ng4 14. Rad1 Nxe3 15. fxe3 Rac8 16. Qf2 Rf8 17. Nc3 Bg4 18. Rd2 Rcd8 19. a3 c5 20. Nd5 cxd4 21. exd4 Be6 22. Rfd1 Bxd5 23. exd5 Bh6 24. Rc2 b5 25. Qe2 Bg5 26. Qe4 Rfe8 27. Qf3 Qd6 28. Rf2 Qf6 29. Qe4 Qd6 30. Rdf1 Bf6 31. Qe3 Qb6 32. Rd2 Kg7 33. Qf2 a5 34. g4 Rf8 35. h4 h6 36. Rfd1 Rc8 37. Qg3 Qd6 38. Kf2 Qxg3+ 39. Kxg3 Rc7 40. Bf1 Rd8 41. Bg2 Rb8 42. Rc2 Rbc8 43. Bf1 b4 44. Bh3 Rd8 45. Bg2 Rb8 46. axb4 axb4 47. b3 c3 48. Bf1 Ra8 49. Bc4 Rca7 50. h5 Ra1 51. Rd3 R8a2 52. Rxa2 Rxa2 0-1

[Event "NCA-ch"]
[Site "Managua"]
[Date "2020.03.01"]
[Round "2"]
[White "Arevalo Lopez, Josue"]
[Black "Castillo, Rommel"]
[Result "1-0"]
[WhiteElo "2024"]
[BlackElo "2014"]
[PlyCount "107"]
[EventDate "2020.02.29"]
[EventType "tourn"]
[EventRounds "11"]
[EventCountry "NCA"]
[SourceTitle "CBM 195 Extra"]
[Source "ChessBase"]
[SourceDate "2020.05.31"]
[SourceVersion "1"]
[SourceVersionDate "2020.05.31"]
[SourceQuality "1"]

1. d4 Nf6 2. Nf3 b6 3. c4 Bb7 4. Nc3 e6 5. a3 Be7 6. d5 0-0 7. e4 exd5 8. cxd5 Re8 9. Be2 d6 10. 0-0 Nbd7 11. Nd4 Bf8 12. f3 g6 13. Be3 Nxd5 14. Nxd5 Bxd5 15. Nb5 Bc6 16. Rc1 Bxb5 17. Bxb5 a6 18. Bc6 Ra7 19. b4 Bg7 20. Qb3 Qe7 21. Rc2 Rd8 22. Rfc1 Ne5 23. a4 Nxc6 24. Rxc6 Rb7 25. Qc4 b5 26. axb5 axb5 27. Qd5 Rdb8 28. Ra6 h6 29. Qc6 Qe8 30. Kh1 Kf8 31. Qd5 Qd7 32. Ra8 Ke7 33. Ra6 Qe6 34. Qd2 g5 35. Rac6 Kd7 36. Qc2 Rc8 37. Bb6 Be5 38. Bxc7 Bf4 39. Ba5 Rcb8 40. Rd1 Ke7 41. Bc7 Ra8 42. Bxd6+ Bxd6 43. Rcxd6 Qxd6 44. Rxd6 Kxd6 45. Qc5+ Ke6 46. h4 Raa7 47. hxg5 hxg5 48. Qxg5 f6 49. Qd5+ Ke7 50. Kh2 Kf8 51. g4 Kg7 52. Kg3 Rb6 53. g5 fxg5 54. Qd4+ 1-0

[Event "NCA-ch"]
[Site "Managua"]
[Date "2020.02.29"]
[Round "1"]
[White "Davila, Carlos"]
[Black "Arevalo Lopez, Josue"]
[Result "1-0"]
[WhiteElo "2215"]
[BlackElo "2024"]
[PlyCount "51"]
[EventDate "2020.02.29"]
[EventType "tourn"]
[EventRounds "11"]
[EventCountry "NCA"]
[SourceTitle "CBM 195 Extra"]
[Source "ChessBase"]
[SourceDate "2020.05.31"]
[SourceVersion "1"]
[SourceVersionDate "2020.05.31"]
[SourceQuality "1"]

1. e4 e5 2. Nf3 Nc6 3. Nc3 Nf6 4. Bb5 d6 5. d4 Bd7 6. Bxc6 Bxc6 7. Qd3 exd4 8. Nxd4 Qd7 9. Bg5 Be7 10. Nf5 0-0-0 11. 0-0-0 h6 12. Be3 b6 13. e5 Ne8 14. f3 Kb8 15. Rhe1 Bf8 16. Nd4 Bb7 17. Bf4 g5 18. Bg3 dxe5 19. Bxe5 Bg7 20. Bxg7 Nxg7 21. Qc4 Rhe8 22. Ne6 Nxe6 23. Rxd7 Rxd7 24. a4 a6 25. h4 Rd4 26. Qxd4 1-0

[Event "NCA-ch sf"]
[Site "Managua"]
[Date "2020.02.23"]
[Round "9"]
[White "Alfaro Caracas, William"]
[Black "Arevalo Lopez, Josue"]
[Result "1/2-1/2"]
[WhiteElo "2103"]
[BlackElo "2006"]
[PlyCount "39"]
[EventDate "2020.02.08"]
[EventType "swiss"]
[EventRounds "9"]
[EventCountry "NCA"]
[SourceTitle "EXT 2021"]
[Source "ChessBase"]
[SourceDate "2020.10.23"]
[SourceVersion "1"]
[SourceVersionDate "2020.10.23"]
[SourceQuality "1"]

1. d4 d5 2. c4 e6 3. Nc3 Bb4 4. Nf3 Nf6 5. Bg5 h6 6. Bxf6 Qxf6 7. Qa4+ Nc6 8. cxd5 Bxc3+ 9. bxc3 exd5 10. e3 0-0 11. Be2 Ne7 12. 0-0 c6 13. Rab1 Ng6 14. c4 dxc4 15. Qxc4 Re8 16. Qc2 Re7 17. Bd3 Bg4 18. Bxg6 Bxf3 19. Bh7+ Kh8 20. gxf3 1/2-1/2

[Event "NCA-ch sf"]
[Site "Managua"]
[Date "2020.02.23"]
[Round "8"]
[White "Davila, Carlos"]
[Black "Arevalo Lopez, Josue"]
[Result "1/2-1/2"]
[WhiteElo "2223"]
[BlackElo "2006"]
[PlyCount "62"]
[EventDate "2020.02.08"]
[EventType "swiss"]
[EventRounds "9"]
[EventCountry "NCA"]
[SourceTitle "EXT 2021"]
[Source "ChessBase"]
[SourceDate "2020.10.23"]
[SourceVersion "1"]
[SourceVersionDate "2020.10.23"]
[SourceQuality "1"]

1. e4 e6 2. d4 d5 3. Nd2 dxe4 4. Nxe4 Bd7 5. Nf3 Bc6 6. Bd3 Nd7 7. 0-0 Ngf6 8. Qe2 Be7 9. Rd1 Bxe4 10. Bxe4 Nxe4 11. Qxe4 c6 12. c4 0-0 13. b3 Qa5 14. Bd2 Qh5 15. Bf4 Nf6 16. Qc2 Rad8 17. h3 c5 18. Be3 b6 19. dxc5 Bxc5 20. Bxc5 Qxc5 21. Qe2 h6 22. Qe5 Nd7 23. Qe1 Nb8 24. Rxd8 Rxd8 25. Rd1 Qc7 26. Rxd8+ Qxd8 27. Qe4 Qd1+ 28. Kh2 Qd6+ 29. g3 Nc6 30. Kg2 f5 31. Qc2 g6 1/2-1/2

[Event "NCA-chT final"]
[Site "Managua"]
[Date "2019.10.27"]
[Round "3.2"]
[White "Cano, Carlos1111"]
[Black "Arevalo Lopez, Josue"]
[Result "1-0"]
[WhiteElo "2033"]
[BlackElo "2000"]
[PlyCount "116"]
[EventDate "2019.10.26"]
[EventType "team-tourn"]
[EventRounds "11"]
[EventCountry "NCA"]
[SourceTitle "EXT 2021"]
[Source "ChessBase"]
[SourceDate "2020.10.23"]
[SourceVersion "1"]
[SourceVersionDate "2020.10.23"]
[SourceQuality "1"]
[WhiteTeam "Jose Raul Capablanca"]
[BlackTeam "Soldados del Amor"]
[WhiteTeamCountry "NCA"]
[BlackTeamCountry "NCA"]

1. d4 Nf6 2. Nf3 e6 3. g3 d5 4. Bg2 Be7 5. 0-0 0-0 6. c4 dxc4 7. Ne5 Nc6 8. Bxc6 bxc6 9. Nxc6 Qe8 10. Nxe7+ Qxe7 11. Qa4 e5 12. dxe5 Qxe5 13. Qxc4 Be6 14. Qd3 Rad8 15. Qe3 Qh5 16. f3 Bc4 17. Nc3 Rfe8 18. Qf2 Nd5 19. Re1 Nb4 20. Bf4 Nc2 21. Rac1 Nxe1 22. Rxe1 Qa5 23. a3 Qb6 24. e4 Qxf2+ 25. Kxf2 Rd7 26. g4 h6 27. h4 f6 28. Rc1 g5 29. Be3 Bb3 30. Nb5 Kg7 31. Nd4 Bf7 32. Nf5+ Kh7 33. hxg5 hxg5 34. b4 a5 35. bxa5 Ra8 36. Rc5 Ra6 37. Nd4 Be8 38. Nc6 Rg7 39. Nb4 Ra8 40. Nd5 Kg6 41. Bd4 Ra6 42. Nb4 Ra8 43. a6 c6 44. Ra5 Rh7 45. a7 Rh2+ 46. Ke3 Rh7 47. Ra6 Rc7 48. Bc5 Kf7 49. Nd3 Rb7 50. Ra4 Bd7 51. Ra6 Rb5 52. Bd4 Rb7 53. e5 f5 54. gxf5 Bxf5 55. Rxc6 Rb3 56. Rf6+ Ke8 57. Rxf5 Rxa3 58. Bc5 R3xa7 1-0

[Event "NCA-chT final"]
[Site "Managua"]
[Date "2019.10.26"]
[Round "2.3"]
[White "Castillo Sevilla, Ian Eiffel"]
[Black "Arevalo Lopez, Josue"]
[Result "1-0"]
[WhiteElo "2102"]
[BlackElo "2000"]
[PlyCount "79"]
[EventDate "2019.10.26"]
[EventType "team-tourn"]
[EventRounds "11"]
[EventCountry "NCA"]
[SourceTitle "EXT 2021"]
[Source "ChessBase"]
[SourceDate "2020.10.23"]
[SourceVersion "1"]
[SourceVersionDate "2020.10.23"]
[SourceQuality "1"]
[WhiteTeam "Granada"]
[BlackTeam "Soldados del Amor"]
[WhiteTeamCountry "NCA"]
[BlackTeamCountry "NCA"]

1. d4 Nf6 2. Bf4 e6 3. e3 d5 4. Nf3 Bd6 5. Ne5 0-0 6. Bd3 c5 7. c3 Nc6 8. Nd2 Qc7 9. Ndf3 b6 10. Nxc6 Qxc6 11. Ne5 Qc7 12. Qf3 Bb7 13. Qh3 g6 14. Bh6 Rfe8 15. Qh4 cxd4 16. exd4 Bxe5 17. f4 Bd6 18. Qxf6 Bf8 19. Bxf8 Rxf8 20. 0-0 Bc8 21. Qh4 Qd8 22. Qh6 Qf6 23. Rad1 a5 24. Rf3 Qg7 25. Qh4 Ba6 26. Bb1 Rfe8 27. Re3 Bb5 28. Re5 Bd7 29. g4 b5 30. a3 b4 31. axb4 axb4 32. Qg3 bxc3 33. bxc3 Rec8 34. Re3 Ra3 35. Qg2 Rb3 36. Bc2 Rb2 37. Re2 Ra2 38. Bb1 Ra1 39. Red2 Qf8 40. Qe2 1-0

[Event "Managua Muniz Memorial 2nd"]
[Site "Managua"]
[Date "2019.04.07"]
[Round "5"]
[White "Arevalo Lopez, Josue"]
[Black "Garcia, Antonio3333"]
[Result "1-0"]
[WhiteElo "1994"]
[BlackElo "1853"]
[PlyCount "117"]
[EventDate "2019.03.30"]
[EventType "tourn"]
[EventRounds "9"]
[EventCountry "NCA"]
[SourceTitle "CBM 190 Extra"]
[Source "ChessBase"]
[SourceDate "2019.07.15"]
[SourceVersion "1"]
[SourceVersionDate "2019.07.15"]
[SourceQuality "1"]

1. Nf3 d5 2. e3 Nf6 3. c4 c6 4. Nc3 Bg4 5. cxd5 Nxd5 6. Qb3 Qb6 7. Nxd5 Qxb3 8. axb3 cxd5 9. Ne5 Bd7 10. d4 e6 11. Bd2 Bd6 12. Nd3 Ke7 13. Be2 Rc8 14. 0-0 Na6 15. Rfc1 Bb5 16. Kf1 Rc7 17. Rc3 Rac8 18. Rac1 Kd8 19. Ne1 Bxe2+ 20. Kxe2 Nb4 21. Ra1 a6 22. g3 f6 23. f3 h6 24. Nd3 Nxd3 25. Kxd3 Kd7 26. e4 dxe4+ 27. fxe4 g5 28. Rxc7+ Rxc7 29. Rf1 Be7 30. h4 Rc8 31. hxg5 hxg5 32. Rh1 Kc6 33. Rh7 Bd6 34. g4 Rc7 35. Rh1 Rf7 36. Rf1 Rf8 37. Rc1+ Kd7 38. Rf1 Be7 39. Rh1 f5 40. gxf5 exf5 41. exf5 Rxf5 42. Rh7 Ke6 43. Rh6+ Bf6 44. Ke4 Rb5 45. b4 Kf7 46. Rh7+ Ke8 47. Bc3 Be7 48. d5 Bxb4 49. Ke5 Be7 50. Bd4 Kd7 51. b4 b6 52. Be3 Kd8 53. Ke6 Bxb4 54. Bxg5+ Kc8 55. Bf4 Ba3 56. Rc7+ Kd8 57. Rc6 Be7 58. d6 Bg5 59. d7 1-0